01581nam a2200361 a 4500001001000000003000500010005001700015008004100032010001100073011001100084040000900095090001000104100004400114245016500158260004100323500006000364502007500424590004000499590004000539590004000579650006500619650004100684650003400725650003100759700004100790856007000831901000700901942001000908942000600918999001900924952014000943952013601083000113323CHAP20220329144349.0170607s2016 mx sm |||||||spa d a109784 a110756 cCHAP aTesis1 aReséndiz Julián, Olga Lidia913250110aFinalización de corderos de tres grupos raciales con racion alta en concentrado /h[En línea]cpor Olga Lidia Resendiz Julian y Karen Zita Santiago López. aChapingo, Méx. :bEl autor,c2016. aPara ver el contenido del material haga clic en la liga aTesis (Ing. Agr. Esp. en Zootecnia) -- UACH. Departamento de Zootecnia aE8697GMMb05c20170607lUCH01h0937 aE8697GMMb05c20170607lUCH01h1012 aE8697GMMb05c20170607lUCH01h101414aAlimentos y alimentación del ganadoxInvestigación9433814aGanado lanarxAlimentación.94515314aGanado lanarxEngorda.94517514aGanado lanarxPeso.9452111 aSantiago López, Karen Zita9132502 aFinding aiduhttp://10.13.5.2/tesis/sist113323.pdfzTeclea aquí aBK cTESIS n0 c109784d109784 00102local4053708TESISaBCbBCcPA_TESISd2017-06-07fTESISl0oTesisp33724002531405r2019-12-31 00:00:00tc.2w2019-12-31yTESIS 00104054718TESISaBCbBCd2017-06-07fTESISl0oTesisp33724002531446r2019-12-31 00:00:00w2019-12-31yTESISzRecien adquirido